La enseñanza de los pueblos antiguos en la escuela

Gespeichert in:
Bibliographische Detailangaben
Hauptverfasser: Campos Rodríguez, Darío (VerfasserIn), Rodríguez Melo, Nelly (VerfasserIn)
Format: Buch
Sprache:Spanisch
Veröffentlicht: Bogotá Universidad Nacional de Colombia 2004
Schriftenreihe:Colección Textos, 21
Schlagworte:
Tags: Tag hinzufügen
Keine Tags, Fügen Sie den ersten Tag hinzu!

MARC

LEADER 00000nam a2200000 a 4500
001 UCI2710
003 CL-VaPUC
008 070907e20040000CK |||||||||||||||||spa|d
020 |a 9587013913 
082 0 4 |a 371.3  |b CAM  |2 21 
100 0 |a Campos Rodríguez, Darío  |e author  |9 523879 
700 0 |a Rodríguez Melo, Nelly  |e author  |9 523880 
245 1 3 |a La enseñanza de los pueblos antiguos en la escuela 
300 |a 113 p 
942 |c BK 
945 |d 20070907 00:00:00  |a jtorresc 
260 |a Bogotá  |b Universidad Nacional de Colombia  |c 2004 
650 7 |a HISTORIA ANTIGUA ENSEÑANZA  |2 CL-VaPUC  |9 523881 
650 0 |a Métodos de enseñanza  |9 270413 
650 0 |a Rol del docente  |9 329733 
583 |a last modification  |c 20070907 00:00:00  |k Rodrigo Vera 
490 0 |a Colección Textos, 21 
999 |c 327187  |d 327185 
952 |0 0  |1 0  |4 0  |6 371_300000000000000_CAM_2004  |7 0  |8 A  |9 409669  |a BIBEDU  |b BIBEDU  |d 2019-11-22  |i 4368940  |o 371.3 CAM 2004  |p 4368940  |r 2019-11-22  |w 2019-11-22  |y BK  |k EDU